L'empire des affaires / (Record no. 40182)

MARC details
000 -LEADER
campo de control de longitud fija 00582nam a2200181 i 4500
001 - NÚMERO DE CONTROL
campo de control 40182
003 - IDENTIFICADOR DE NÚMERO DE CONTROL
campo de control ES-MaACL
005 - FECHA Y HORA DE LA ÚLTIMA TRANSACCIÓN
campo de control 20230906160145.0
007 - CAMPO FIJO DE DESCRIPCIÓN FÍSICA--INFORMACIÓN GENERAL
campo de control de longitud fija t|
008 - DATOS DE LONGITUD FIJA--INFORMACIÓN GENERAL
campo de control de longitud fija 030305s1903 fr ||||1| fre d
100 1# - ENTRADA PRINCIPAL--NOMBRE DE PERSONA
Nombre de persona Carnegie, Andrew.
9 (RLIN) 35359
245 12 - MENCIÓN DEL TÍTULO
Título L'empire des affaires /
Mención de responsabilidad, etc. par Andrew Carnegie ; traduit de l'anglais par Arthur Maillet ; préface de Gabriel Bonvalot.
260 ## - PUBLICACIÓN, DISTRIBUCIÓN, ETC.
Lugar de publicación, distribución, etc. [S.l. :
Nombre del editor, distribuidor, etc. s.n.,
Fecha de publicación, distribución, etc. 1903?] (
Lugar de fabricación/manufactura Lagny :
Fabricante E. Grevin)
300 ## - DESCRIPCIÓN FÍSICA
Extensión 317 p. ;
Dimensiones 18 cm.
700 1# - ENTRADA AGREGADA--NOMBRE PERSONAL
Nombre de persona Maillet, Arthur.
9 (RLIN) 75580
700 1# - ENTRADA AGREGADA--NOMBRE PERSONAL
Nombre de persona Bonvalot, Gabriel.
9 (RLIN) 30315
852 ## - LOCALIZACIÓN
Ubicación ES-MaACL
Número de control de estantería F-8472
Holdings
Estatus retirado Estado de pérdida Estado de daño No para préstamo Biblioteca de origen Biblioteca actual Ubicación en estantería Fecha de adquisición Fuente de adquisición Total de préstamos Signatura topográfica completa Código de barras Visto por última vez Precio de reemplazo Tipo de ítem Koha
        Biblioteca del Ateneo de Madrid Biblioteca del Ateneo de Madrid Sala Pecera Planta 2 17/01/2008     F-8472 1042305 23/02/2023 23/02/2023 Libro impreso